Контрольно-измерительные материалы по научному стилю речи (инженерно-техническая и технологическая направленность), Учебное пособие
| अन्य लेखक: | , , , , |
|---|---|
| सारांश: | Книга находится в премиум-версии платформы «Русский как иностранный». Содержит лексико-грамматические задания, направленные на отработку и закрепление изучаемых моделей, а также задания для проверки навыков и умений говорения в форме монолога с опорой на схемы или таблицы. Контрольно-измерительные материалы предназначены для обучения и контроля лингвистической и коммуникативной компетенций, составлены к основным темам научного стиля речи и являются составляющей частью учебно-методического комплекса дисциплины «Русский язык как иностранный». Предназначено для иностранных слушателей дополнительных общеобразовательных программ инженерно-технической и технологической направленностей обучения. Гарантированный срок размещения на платформе до 29.10.2034 (автопролонгация) |
| प्रकाशित: |
Ростов-на-Дону, Донской государственный технический университет, 2023
|
| संस्करण: | Контрольно-измерительные материалы по научному стилю речи (инженерно-техническая и технологическая направленность) |
| विषय: | |
| ऑनलाइन पहुंच: | Перейти к просмотру издания |
| स्वरूप: | MixedMaterials इलेक्ट्रोनिक |
MARC
| LEADER | 00000 a2200000 4500 | ||
|---|---|---|---|
| 001 | RU/ROS-EDU.RU/144930 | ||
| 856 | 4 | |u https://www.ros-edu.ru/book?id=144930 |z Перейти к просмотру издания | |
| 010 | |a 978-5-7890-2158-3 | ||
| 205 | |a Контрольно-измерительные материалы по научному стилю речи (инженерно-техническая и технологическая направленность) |b 2034-10-29 | ||
| 333 | |a Гарантированный срок размещения на платформе до 29.10.2034 (автопролонгация) | ||
| 100 | |a 20230101d2023 |||y0rusy0250 |s 2034-10-29 | ||
| 105 | |a y z 000zy | ||
| 101 | 0 | |a rus | |
| 102 | |a RU | ||
| 200 | 1 | |a Контрольно-измерительные материалы по научному стилю речи (инженерно-техническая и технологическая направленность) |b Электронный ресурс |e Учебное пособие |f Т. И. Черных [и др.] | |
| 701 | 1 | |b Т. И. |a Черных |4 070 | |
| 701 | 1 | |b О. М. |a Воскерчьян |4 070 | |
| 701 | 1 | |b Л. Д. |a Бабакова |4 070 | |
| 701 | 1 | |b Б. Н. |a Моренко |4 070 | |
| 701 | 1 | |b В. А. |a Пасхалова |4 070 | |
| 330 | |a Содержит лексико-грамматические задания, направленные на отработку и закрепление изучаемых моделей, а также задания для проверки навыков и умений говорения в форме монолога с опорой на схемы или таблицы. Контрольно-измерительные материалы предназначены для обучения и контроля лингвистической и коммуникативной компетенций, составлены к основным темам научного стиля речи и являются составляющей частью учебно-методического комплекса дисциплины «Русский язык как иностранный». Предназначено для иностранных слушателей дополнительных общеобразовательных программ инженерно-технической и технологической направленностей обучения. | ||
| 210 | |a Ростов-на-Дону |c Донской государственный технический университет |d 2023 | ||
| 610 | 1 | |a контрольно-измерительные материалы | |
| 610 | 1 | |a лексико-грамматические задания | |
| 610 | 1 | |a характеристика вещества | |
| 610 | 1 | |a получение веществ | |
| 675 | |a 001 | ||
| 686 | |a 81.2 |2 rubbk | ||
| 300 | |a Книга находится в премиум-версии платформы «Русский как иностранный». | ||
| 215 | |a 28 с. | ||